| 000 | 00465nam a2200181Ia 4500 | ||
|---|---|---|---|
| 003 | OSt | ||
| 005 | 20230530095256.0 | ||
| 008 | 210423s1999 xx 000 0 und d | ||
| 040 | _cAL | ||
| 041 | _aeng | ||
| 082 |
_a170 KAIM _223 |
||
| 100 |
_aKAITHOLIT (George). _9116297 |
||
| 245 | _aMake will power your target. | ||
| 260 |
_aMumbai _bBetter Yourself Books _c1999 |
||
| 365 |
_b21 _cINR |
||
| 906 | _aMake ; power ; target. ; will ; your | ||
| 942 |
_2ddc _cBK |
||
| 999 |
_c173570 _d173570 |
||